LEADER 01617oam 2200457Ia 450 001 9910697057503321 005 20230902161937.0 035 $a(CKB)5470000002384326 035 $a(OCoLC)64435322 035 $a(EXLCZ)995470000002384326 100 $a20080513d2005 ua 0 101 0 $aeng 135 $aurcn||||||||| 181 $ctxt$2rdacontent 182 $cc$2rdamedia 183 $acr$2rdacarrier 200 10$aComposite flywheel development for energy storage$b[electronic resource] /$fJerome Tzeng, Ryan Emerson, and Paul Moy 210 1$aAberdeen Proving Ground, MD :$cArmy Research Laboratory,$d[2005] 215 $a1 online resource (iv, 20 pages) $cillustrations (chiefly color) 225 1 $aARL-TR ;$v3388 300 $aTitle from title screen (viewed on Jan. 12, 2011). 300 $a"January 2005." 320 $aIncludes bibliographical references (page 14). 410 0$aARL-TR (Aberdeen Proving Ground, Md.) ;$v3388. 606 $aFlywheels 606 $aComposite materials$xElastic properties 606 $aEnergy storage$xEquipment and supplies$xResearch 615 0$aFlywheels. 615 0$aComposite materials$xElastic properties. 615 0$aEnergy storage$xEquipment and supplies$xResearch. 700 $aTzeng$b Jerome T$01402402 701 $aEmerson$b Ryan$01418168 701 $aMoy$b Paul$01418169 712 02$aU.S. Army Research Laboratory. 801 0$bDTICE 801 1$bDTICE 801 2$bGPO 906 $aBOOK 912 $a9910697057503321 996 $aComposite flywheel development for energy storage$93528808 997 $aUNINA LEADER 01500nam 2200457I 450 001 9910705738003321 005 20170628074020.0 035 $a(CKB)5470000002453028 035 $a(OCoLC)992118912 035 $a(EXLCZ)995470000002453028 100 $a20170628j201702 ua 0 101 0 $aeng 135 $aurcn||||||||| 181 $ctxt$2rdacontent 182 $cc$2rdamedia 183 $acr$2rdacarrier 200 10$aFormal methods tool qualification /$fLucas G. Wagner [and four others] 210 1$aHampton, Virginia :$cNational Aeronautics and Space Administration, Langley Research Center,$dFebruary 2017. 215 $a1 online resource (40 pages) $ccolor illustrations 225 1 $aNASA/CR ;$v2017-219371 300 $a"February 2017." 300 $a"Performing organization: NASA Langley Research Center"--Report documentation page." 320 $aIncludes bibliographical references (pages 38-40). 606 $aAvionics$2nasat 606 $aDigital systems$2nasat 606 $aCertification$2nasat 606 $aIdentifying$2nasat 606 $aQualifications$2nasat 615 7$aAvionics. 615 7$aDigital systems. 615 7$aCertification. 615 7$aIdentifying. 615 7$aQualifications. 700 $aWagner$b Lucas G.$01403064 712 02$aLangley Research Center, 801 0$bGPO 801 1$bGPO 906 $aBOOK 912 $a9910705738003321 996 $aFormal methods tool qualification$93474840 997 $aUNINA LEADER 01617nam 22004573 450 001 9910793562803321 005 20221223084606.0 010 $a1-78775-009-4 035 $a(CKB)4100000008045280 035 $a(MiAaPQ)EBC29673287 035 $a(Au-PeEL)EBL29673287 035 $a(EXLCZ)994100000008045280 100 $a20221223d2019 uy 0 101 0 $aeng 135 $aurcnu|||||||| 181 $ctxt$2rdacontent 182 $cc$2rdamedia 183 $acr$2rdacarrier 200 14$aThe Acupuncture Point Functions Charts and Workbook 205 $a1st ed. 210 1$aLondon :$cJessica Kingsley Publishers,$d2019. 210 4$dİ2019. 215 $a1 online resource (74 pages) 311 $a0-85701-390-4 330 $aA straightforward learning resource, covering the different acupuncture points in the body and their functions. Perfect for visuals learners, it shows the primary meridians, extraordinary meridians and known extra points, in an easy to understand format with blank charts for students to make their own notes. 517 $aacupuncture point functions 606 $aAcupuncture points$vCharts, diagrams, etc 606 $aAcupuncture points$vProblems, exercises, etc 606 $aAcupuncture 615 0$aAcupuncture points 615 0$aAcupuncture points 615 0$aAcupuncture. 676 $a615.8/92 700 $aSiegel$b Erica$01503046 801 0$bMiAaPQ 801 1$bMiAaPQ 801 2$bMiAaPQ 906 $aBOOK 912 $a9910793562803321 996 $aThe Acupuncture Point Functions Charts and Workbook$93731184 997 $aUNINA